| 000 | 01541nam0a2200337 4500 | ||
|---|---|---|---|
| 001 | RU\NLR\BIBL_A\022270413 | ||
| 005 | 20240822154924.0 | ||
| 010 |
_a978-5-6051417-2-3 _93000 |
||
| 021 |
_aRU _bКН-П-24-028571 _9КН-П-24-2910 |
||
| 035 | _a(NLR Aleph) 022270413 | ||
| 090 |
_a12351664 _c12351664 |
||
| 100 | _a20240703d2024 k y0rusy50 ca | ||
| 101 | 0 | _arus | |
| 102 | _aRU | ||
| 105 | _ay z 000yy | ||
| 181 | 0 |
_ai _baxxe |
|
| 182 | 0 | _an | |
| 200 | 1 |
_aПроверка и оценка допустимости доказательств в российском уголовном процессе _eмонография _fВ. С. Балакшин |
|
| 203 |
_aТекст _bвизуальный _cнепосредственный |
||
| 210 |
_aМосква _cЮрлитформ _d2024 |
||
| 215 |
_a407 с. _d21 |
||
| 225 | 1 | _aУголовный процесс | |
| 300 | _aНа обороте тит.с. авт.: В. С. Балакшин, д-р юрид. наук, проф. | ||
| 320 | _aБиблиогр.: с. 391-406 (245 назв.) и в подстроч. примеч. | ||
| 606 | 1 |
_aСудебные доказательства в уголовном процессе _xОценка _yРоссийская Федерация _92566657 _3RU\NLR\AUTH\661517982 |
|
| 686 | 1 | _aХ629.341 | |
| 700 | 1 |
_aБалакшин _bВ. С. _cд-р юрид. наук _gВиктор Степанович _9159739 _3RU\NLR\AUTH\770159780 |
|
| 942 | _cBOOK | ||
| 980 | _aNB | ||